[Event "Stay Safe Play From Home 287"]
[Site "Emanuel Lasker Arena"]
[Date "2020.07.08"]
[Round "4"]
[White "Souchov"]
[Black "NeatFox"]
[Result "0-1"]
[WhiteElo "1980"]
[BlackElo "1962"]
[PlyCount "132"]
[EventDate "2020.07.08"]
[EventType "swiss (blitz)"]

1. e4 {[%emt 0:00:01]} b6 {[%emt 0:00:00]} 2. d4 {[%emt 0:00:01]} c5 {[%emt 0:00:00]} 3. Nf3 {[%emt 0:00:03]} cxd4 {[%emt 0:00:00]} 4. Nxd4 {[%emt 0:00:00]} Nf6 {[%emt 0:00:00]} 5. Nc3 {[%emt 0:00:01]} d6 {[%emt 0:00:01]} 6. Bg5 {[%emt 0:00:02]} Bb7 {[%emt 0:00:01]} 7. f3 {[%emt 0:00:02]} Nbd7 {[%emt 0:00:01]} 8. Qd2 {[%emt 0:00:01]} g6 {[%emt 0:00:02]} 9. Bc4 {[%emt 0:00:01]} Bg7 {[%emt 0:00:01]} 10. O-O {[%emt 0:00:02]} O-O {[%emt 0:00:00]} 11. Rad1 {[%emt 0:00:02]} Rc8 {[%emt 0:00:02]} 12. Bb3 {[%emt 0:00:01]} e6 {[%emt 0:00:01]} 13. Ndb5 {[%emt 0:00:02]} Rc6 {[%emt 0:00:07]} 14. Nxd6 {[%emt 0:00:01]} Qc7 {[%emt 0:00:01]} 15. Nxb7 {[%emt 0:00:02]} Qxb7 {[%emt 0:00:01]} 16. Be3 {[%emt 0:00:04]} Qc7 {[%emt 0:00:01]} 17. Ne2 {[%emt 0:00:01]} Nc5 {[%emt 0:00:01]} 18. c3 {[%emt 0:00:00]} Nxb3 {[%emt 0:00:02]} 19. axb3 {[%emt 0:00:00]} Rc8 {[%emt 0:00:01]} 20. b4 {[%emt 0:00:00]} Qe7 {[%emt 0:00:01]} 21. Bd4 {[%emt 0:00:01]} Nd7 {[%emt 0:00:02]} 22. Bxg7 {[%emt 0:00:01]} Kxg7 {[%emt 0:00:00]} 23. Qxd7 {[%emt 0:00:01]} Qxd7 {[%emt 0:00:00]} 24. Rxd7 {[%emt 0:00:00]} a5 {[%emt 0:00:00]} 25. Rfd1 {[%emt 0:00:00]} axb4 {[%emt 0:00:00]} 26. cxb4 {[%emt 0:00:00]} Rc2 {[%emt 0:00:01]} 27. R7d2 {[%emt 0:00:00]} R2c4 {[%emt 0:00:01]} 28. b5 {[%emt 0:00:02]} Rb4 {[%emt 0:00:01]} 29. Rc1 {[%emt 0:00:02]} Ra8 {[%emt 0:00:02]} 30. Nc3 {[%emt 0:00:02]} Rc8 {[%emt 0:00:06]} 31. Kf2 {[%emt 0:00:01]} Rxb5 {[%emt 0:00:01]} 32. Nxb5 {[%emt 0:00:01]} Rxc1 {[%emt 0:00:00]} 33. Nc3 {[%emt 0:00:00]} Ra1 {[%emt 0:00:02]} 34. Ne2 {[%emt 0:00:01]} Ra6 {[%emt 0:00:01]} 35. Ke3 {[%emt 0:00:00]} b5 {[%emt 0:00:00]} 36. Rd3 {[%emt 0:00:01]} b4 {[%emt 0:00:00]} 37. Rb3 {[%emt 0:00:00]} Rb6 {[%emt 0:00:00]} 38. Kd4 {[%emt 0:00:00]} f6 {[%emt 0:00:01]} 39. Ng3 {[%emt 0:00:01]} Rd6+ {[%emt 0:00:02]} 40. Kc4 {[%emt 0:00:01]} Rd2 {[%emt 0:00:01]} 41. Kxb4 {[%emt 0:00:02]} Rxg2 {[%emt 0:00:00]} 42. Kc4 {[%emt 0:00:01]} Rxh2 {[%emt 0:00:00]} 43. e5 {[%emt 0:00:06]} Rg2 {[%emt 0:00:02]} 44. f4 {[%emt 0:00:01]} Rf2 {[%emt 0:00:02]} 45. exf6+ {[%emt 0:00:02]} Kxf6 {[%emt 0:00:00]} 46. f5 {[%emt 0:00:00]} exf5 {[%emt 0:00:01]} 47. Kc3 {[%emt 0:00:00]} Rf3+ {[%emt 0:00:01]} 48. Kc4 {[%emt 0:00:00]} Rf4+ {[%emt 0:00:01]} 49. Kc5 {[%emt 0:00:01]} h5 {[%emt 0:00:01]} 50. Rb6+ {[%emt 0:00:00]} Kg5 {[%emt 0:00:00]} 51. b4 {[%emt 0:00:00]} Rf3 {[%emt 0:00:01]} 52. Ne2 {[%emt 0:00:00]} Re3 {[%emt 0:00:00]} 53. Nd4 {[%emt 0:00:00]} Rc3+ {[%emt 0:00:01]} 54. Kd5 {[%emt 0:00:01]} Rd3 {[%emt 0:00:00]} 55. b5 {[%emt 0:00:00]} f4 {[%emt 0:00:00]} 56. Rd6 {[%emt 0:00:00]} f3 {[%emt 0:00:00]} 57. b6 {[%emt 0:00:00]} f2 {[%emt 0:00:00]} 58. Rf6 {[%emt 0:00:01]} Kxf6 {[%emt 0:00:02]} 59. b7 {[%emt 0:00:00]} f1=Q {[%emt 0:00:00]} 60. b8=Q {[%emt 0:00:00]} Rxd4+ {[%emt 0:00:00]} 61. Kxd4 {[%emt 0:00:01]} Qd1+ {[%emt 0:00:00]} 62. Kc5 {[%emt 0:00:00]} Qc1+ {[%emt 0:00:00]} 63. Kb6 {[%emt 0:00:00]} Qb1+ {[%emt 0:00:00]} 64. Kc7 {[%emt 0:00:00]} Qxb8+ {[%emt 0:00:00]} 65. Kxb8 {[%emt 0:00:01]} h4 {[%emt 0:00:00]} 66. Kc7 {[%emt 0:00:00]} h3 {[%emt 0:00:00] Temps (Lag: Av=0.73s, max=1.2s)} 0-1

[Event "Stay Safe Play From Home 287"]
[Site "Emanuel Lasker Arena"]
[Date "2020.07.08"]
[Round "4"]
[White "Greblah"]
[Black "Trotsky"]
[Result "1-0"]
[WhiteElo "1875"]
[BlackElo "1615"]
[Annotator "NA"]
[PlyCount "61"]
[EventDate "2020.07.08"]
[EventType "swiss (blitz)"]

1. e4 {[%emt 0:00:01]} c5 {[%emt 0:00:01]} 2. Nc3 {[%emt 0:00:01]} e6 {[%emt 0:00:01]} 3. g3 {[%emt 0:00:00]} d5 {[%emt 0:00:01]} 4. Bg2 {[%emt 0:00:01]} Nc6 {[%emt 0:00:01]} 5. exd5 {[%emt 0:00:01]} exd5 {[%emt 0:00:01]} 6. Nf3 {[%emt 0:00:01]} Be6 {[%emt 0:00:01]} 7. d4 {[%emt 0:00:01]} c4 {[%emt 0:00:01]} 8. O-O {[%emt 0:00:01]} Bd6 {[%emt 0:00:01]} 9. Bg5 {[%emt 0:00:04]} f6 {[%emt 0:00:02]} 10. Bd2 {[%emt 0:00:02]} Qc7 {[%emt 0:00:01]} 11. Ne2 {[%emt 0:00:01]} O-O-O {[%emt 0:00:01]} 12. c3 {[%emt 0:00:01]} h5 {[%emt 0:00:01]} 13. Nf4 {[%emt 0:00:01]} Bf7 {[%emt 0:00:04]} 14. Nh4 {[%emt 0:00:02]} Nh6 {[%emt 0:00:01]} 15. Nxd5 {[%emt 0:00:01]} Bxd5 {[%emt 0:00:02]} 16. Bxd5 {[%emt 0:00:01]} g5 {[%emt 0:00:01]} 17. Be6+ {[%emt 0:00:01]} Kb8 {[%emt 0:00:01]} 18. Ng2 {[%emt 0:00:01]} Ng4 {[%emt 0:00:01]} 19. Bxg4 {[%emt 0:00:01]} hxg4 {[%emt 0:00:01]} 20. Qxg4 {[%emt 0:00:01]} Rh7 {[%emt 0:00:03]} 21. Rfe1 {[%emt 0:00:02]} Rdh8 {[%emt 0:00:01]} 22. h4 {[%emt 0:00:01]} gxh4 {[%emt 0:00:03]} 23. Nxh4 {[%emt 0:00:01]} f5 {[%emt 0:00:02]} 24. Qxf5 {[%emt 0:00:03]} Bxg3 {[%emt 0:00:01]} 25. Qxh7 {[%emt 0:00:09]} Qxh7 {[%emt 0:00:06]} 26. fxg3 {[%emt 0:00:02]} Qd3 {[%emt 0:00:04]} 27. Bf4+ {[%emt 0:00:01]} Ka8 {[%emt 0:00:08]} 28. Rad1 {[%emt 0:00:00]} Qh7 {[%emt 0:00:02]} 29. Re6 {[%emt 0:00:02]} Ne7 {[%emt 0:00:01]} 30. Rde1 {[%emt 0:00:01]} Nf5 {[%emt 0:00:01]} 31. Re8+ {[%emt 0:00:01] Âðåìÿ (Lag: Av=0.22s, max=0.5s)} 1-0

[Event "Stay Safe Play From Home 287"]
[Site "Emanuel Lasker Arena"]
[Date "2020.07.08"]
[Round "5"]
[White "AChessPlayer"]
[Black "Greblah"]
[Result "1-0"]
[WhiteElo "2401"]
[BlackElo "1882"]
[Annotator "TA"]
[PlyCount "99"]
[EventDate "2020.07.08"]
[EventType "swiss (blitz)"]

{[%evp 11,98,9,20,5,14,-14,-7,-15,-12,-37,-39,-33,-45,-34,20,13,79,0,50,6,4,0,3,0,4,5,14,0,22,0,0,-41,0,0,27,0,23,0,165,156,164,158,162,160,154,112,188,188,187,16,150,118,132,132,207,205,212,105,105,104,100,100,100,100,978,968,902,831,968,786,822,731,948,827,757,725,1026,609,1190,1160,2337,2044,5601,5600,5197,1545,29977,29978,29999]} 1. Nf3 c6 2. e3 d5 3. b3 Nf6 4. Bb2 Bg4 5. c4 e6 6. Be2 Be7 7. Nc3 {A12: English Opening: 1...c6 with b3 by White.} O-O {[#]} 8. Ne5 $146 ({Predecessor:} 8. O-O Nbd7 9. cxd5 exd5 10. Nd4 Bxe2 11. Ncxe2 Re8 12. Nf5 Bf8 13. Qc2 g6 14. Nfg3 Bg7 15. Bc3 a5 16. a3 c5 {0-1 (34) Giampa,A (2219)-Giardelli,S (2344) Buenos Aires 2013}) 8... Bxe2 9. Qxe2 {The position is equal.} Nbd7 10. f4 (10. Nf3 {keeps more tension.} e5 11. O-O a6 12. d4 e4 13. Nd2) 10... Nxe5 11. fxe5 Nd7 12. d4 f5 (12... f6 $15) 13. O-O $11 b6 (13... Rc8 $11 {remains equal.}) 14. Qd2 (14. cxd5 $16 cxd5 15. Rfc1) 14... Rc8 15. cxd5 cxd5 16. Ne2 Nb8 17. Rac1 Nc6 18. Nf4 Qd7 19. a4 Bg5 20. Bc3 Bxf4 21. Rxf4 a5 22. Rff1 Qe7 23. Qb2 Nb4 {[#] Threatens to win with ...Nd3.} 24. Qd2 Rc7 $2 (24... Nc6 $11 {and Black stays safe.}) 25. Bxb4 $1 $18 axb4 26. Rxc7 Qxc7 27. Qxb4 {[%mdl 4096] Endgame KQR-KQR} Rc8 28. Qb5 Qc6 (28... h6 $16) 29. Qxc6 Rxc6 {[#] KR-KR} 30. Kf2 $2 (30. Ra1 $1 $18) 30... Rc3 (30... Rc2+ $1 $11 31. Kf3 Rb2) 31. Rb1 Rc2+ 32. Kf3 Kf7 (32... g5 $16) 33. h4 g6 34. a5 (34. b4 $18 {is more deadly.}) 34... bxa5 $16 35. Ra1 Rb2 36. Rxa5 {Ra7+ is the strong threat.} Rxb3 37. Ra7+ Kf8 $2 {[%mdl 8192] Loses the game.} (37... Kg8 $16) 38. Rxh7 $18 Rb2 39. Ra7 Rb3 40. Ra6 Kf7 41. g3 Rb2 42. Kf4 Rg2 43. Ra7+ Kf8 44. Rb7 Ke8 45. Kg5 Rxg3+ 46. Kf6 Rxe3 47. Kxe6 {[%cal Rb7b8]} Kd8 48. Kxd5 (48. Kd6 $142 Kc8 49. Rg7) 48... f4 49. Kd6 {[%cal Rb7b8]} f3 50. Rb8# {Accuracy: White = 56%, Black = 36%.} 1-0

[Event "Stay Safe Play From Home 287"]
[Site "Emanuel Lasker Arena"]
[Date "2020.07.08"]
[Round "5"]
[White "Mepe_Nika"]
[Black "Jhhonnyy"]
[Result "1-0"]
[WhiteElo "2360"]
[BlackElo "2351"]
[Annotator "TA"]
[PlyCount "73"]
[EventDate "2020.07.08"]
[EventType "swiss (blitz)"]

{[%evp 14,73,0,-7,-7,-5,0,0,-6,-19,0,-49,0,0,12,-8,-16,-46,29,-43,100,-20,0,-16,0,-10,12,13,208,199,670,496,491,467,479,474,462,453,460,447,1392,345,341,343,516,345,502,503,508,394,495,418,502,502,723,722,866,756,29994,29995,29998,29998]} 1. g3 Nf6 2. Bg2 g6 3. d3 Bg7 4. Nf3 O-O 5. O-O c5 6. e4 Nc6 7. c3 d6 8. Be3 {[#]} Re8 $146 {A05: Réti Opening: 1 Nf3 Nf6.} ({Predecessor:} 8... b5 9. a3 a5 10. Nbd2 Bb7 11. Qc2 b4 12. axb4 axb4 13. Nc4 Qc7 14. Nfd2 Ng4 15. h3 Nxe3 16. Nxe3 {0-1 (68) Kosteniuk,O (2096)-Maroroa,S (2120) St Petersburg 2018}) 9. h3 Rb8 10. a4 b6 {The position is equal.} 11. Qc1 e5 12. Bh6 Bh8 13. Nbd2 d5 14. exd5 Nxd5 15. Qc2 Be6 ({Black should try} 15... f6 $15) 16. Rfe1 (16. Ng5 $11) 16... Nce7 (16... f6 $15 {keeps the upper hand.}) 17. Nc4 ({White has to play} 17. Nxe5 $16 Rc8 18. Ng4) 17... f6 18. d4 {[%cal Rd4e5]} Nf5 19. Bd2 {[%cal Rd4e5]} cxd4 20. cxd4 exd4 $2 {Black cannot hold the game after this.} (20... Rc8 $11 {and Black stays safe.} 21. dxe5 fxe5) 21. g4 $18 Nd6 $2 (21... Ng7) 22. Nxd4 Bf7 23. Rxe8+ Nxe8 24. Nc6 $1 {[%csl LRa7,LRb8,LRd8][%mdl 64] [#] Double Attack} Qc7 25. Nxb8 Qxb8 26. Re1 Qc7 (26... Qc8 $142 27. Qd3 Ndc7) 27. Ne3 $2 (27. Bxd5 Kg7 28. Bxf7 Qxf7 29. Qe4) 27... Qxc2 28. Nxc2 {aiming for Bxd5.} Nd6 (28... Ndc7 $142 29. Bc3 Bg7) 29. Ne3 Nxe3 (29... Nf4 {is a better defense.} 30. Bb4 Nxg2) 30. Bxe3 f5 31. Rc1 fxg4 32. hxg4 Bxb2 33. Rc7 Be5 34. Rxa7 Nc4 35. Bh6 {Ra8+ would kill now.} Be8 36. Bd5+ {[%mdl 64] [#] Double Attack} Bf7 37. Bxf7+ {Accuracy: White = 54%, Black = 35%.} 1-0

[Event "Stay Safe Play From Home 287"]
[Site "Emanuel Lasker Arena"]
[Date "2020.07.08"]
[Round "5"]
[White "Lamborghini"]
[Black "Ironmike"]
[Result "1-0"]
[WhiteElo "2188"]
[BlackElo "1962"]
[PlyCount "67"]
[EventDate "2020.07.08"]
[EventType "swiss (blitz)"]
[BlackTeam "SV Horst-Emscher I"]

{- Dönges, Dirk (1820)} 1. e4 {[%emt 0:00:01]} b6 {[%emt 0:00:00]} 2. d4 {[%emt 0:00:01]} Bb7 {[%emt 0:00:00]} 3. Nc3 {[%emt 0:00:01]} g6 {[%emt 0:00:00]} 4. a3 {[%emt 0:00:01]} Bg7 {[%emt 0:00:00]} 5. Be3 {[%emt 0:00:01]} Nf6 {[%emt 0:00:00]} 6. f3 {[%emt 0:00:01]} d6 {[%emt 0:00:01]} 7. Qd2 {[%emt 0:00:00]} Nbd7 {[%emt 0:00:01]} 8. O-O-O {[%emt 0:00:00]} c5 {[%emt 0:00:01]} 9. dxc5 {[%emt 0:00:02]} bxc5 {[%emt 0:00:00]} 10. h4 {[%emt 0:00:03]} Rb8 {[%emt 0:00:01]} 11. h5 {[%emt 0:00:01]} Qa5 {[%emt 0:00:03]} 12. h6 {[%emt 0:00:01]} Bf8 {[%emt 0:00:01]} 13. Bc4 {[%emt 0:00:04]} e6 {[%emt 0:00:01]} 14. Nh3 {[%emt 0:00:03]} Be7 {[%emt 0:00:01]} 15. Ng5 {[%emt 0:00:01]} O-O {[%emt 0:00:01]} 16. Nd5 {[%emt 0:00:05]} exd5 {[%emt 0:00:02]} 17. Qxa5 {[%emt 0:00:02]} dxc4 {[%emt 0:00:01]} 18. Qc7 {[%emt 0:00:01]} Bd8 {[%emt 0:00:04]} 19. Qxd6 {[%emt 0:00:01]} Re8 {[%emt 0:00:02]} 20. Bf4 {[%emt 0:00:02]} Nb6 {[%emt 0:00:01]} 21. Qxc5 {[%emt 0:00:01]} c3 {[%emt 0:00:01]} 22. Bxb8 {[%emt 0:00:02]} cxb2+ {[%emt 0:00:02]} 23. Kb1 {[%emt 0:00:01]} Na4 {[%emt 0:00:00]} 24. Qb4 {[%emt 0:00:01]} Bc6 {[%emt 0:00:03]} 25. Bxa7 {[%emt 0:00:04]} Be7 {[%emt 0:00:01]} 26. Qd2 {[%emt 0:00:03]} Rd8 {[%emt 0:00:02]} 27. Qxd8+ {[%emt 0:00:02]} Bxd8 {[%emt 0:00:00]} 28. Rxd8+ {[%emt 0:00:01]} Ne8 {[%emt 0:00:00]} 29. Bd4 {[%emt 0:00:01]} Kf8 {[%emt 0:00:03]} 30. Bf6 {[%emt 0:00:02]} Nc5 {[%emt 0:00:04]} 31. Nxh7+ {[%emt 0:00:00]} Kg8 {[%emt 0:00:01]} 32. Ng5 {[%emt 0:00:00]} Ne6 {[%emt 0:00:01]} 33. h7+ {[%emt 0:00:00]} Kf8 {[%emt 0:00:01]} 34. h8=Q# {[%emt 0:00:00] (Lag: Av=0.44s, max=2.8s)} 1-0

[Event "Stay Safe Play From Home 287"]
[Site "Emanuel Lasker Arena"]
[Date "2020.07.08"]
[Round "5"]
[White "Haxhi Baha"]
[Black "Souchov"]
[Result "0-1"]
[WhiteElo "1990"]
[BlackElo "1962"]
[PlyCount "88"]
[EventDate "2020.07.08"]
[EventType "swiss (blitz)"]

1. e4 {[%emt 0:00:01]} Nc6 {[%emt 0:00:01]} 2. d4 {[%emt 0:00:01]} d5 {[%emt 0:00:01]} 3. e5 {[%emt 0:00:01]} Bf5 {[%emt 0:00:01]} 4. c3 {[%emt 0:00:00]} e6 {[%emt 0:00:01]} 5. Bd3 {[%emt 0:00:01]} Bxd3 {[%emt 0:00:02]} 6. Qxd3 {[%emt 0:00:00]} f6 {[%emt 0:00:00]} 7. f4 {[%emt 0:00:01]} Qd7 {[%emt 0:00:01]} 8. Nf3 {[%emt 0:00:01]} O-O-O {[%emt 0:00:02]} 9. Be3 {[%emt 0:00:01]} fxe5 {[%emt 0:00:01]} 10. fxe5 {[%emt 0:00:03]} Nge7 {[%emt 0:00:02]} 11. Nbd2 {[%emt 0:00:01]} Nf5 {[%emt 0:00:01]} 12. Bf2 {[%emt 0:00:00]} h6 {[%emt 0:00:01]} 13. O-O {[%emt 0:00:00]} g5 {[%emt 0:00:01]} 14. b4 {[%emt 0:00:00]} g4 {[%emt 0:00:02]} 15. Ne1 {[%emt 0:00:01]} h5 {[%emt 0:00:01]} 16. b5 {[%emt 0:00:02]} Nce7 {[%emt 0:00:01]} 17. a4 {[%emt 0:00:02]} h4 {[%emt 0:00:01]} 18. Nb3 {[%emt 0:00:01]} g3 {[%emt 0:00:01]} 19. Be3 {[%emt 0:00:01]} gxh2+ {[%emt 0:00:01]} 20. Kxh2 {[%emt 0:00:02]} Nxe3 {[%emt 0:00:01]} 21. Qxe3 {[%emt 0:00:01]} Bh6 {[%emt 0:00:01]} 22. Qd3 {[%emt 0:00:03]} Nf5 {[%emt 0:00:01]} 23. Nf3 {[%emt 0:00:01]} h3 {[%emt 0:00:01]} 24. g4 {[%emt 0:00:02]} Bf4+ {[%emt 0:00:01]} 25. Kg1 {[%emt 0:00:04]} h2+ {[%emt 0:00:02]} 26. Kg2 {[%emt 0:00:04]} Rdg8 {[%emt 0:00:01]} 27. g5 {[%emt 0:00:03]} Bxg5 {[%emt 0:00:01]} 28. Nxg5 {[%emt 0:00:01]} Rxg5+ {[%emt 0:00:00]} 29. Kf2 {[%emt 0:00:00]} Ng3 {[%emt 0:00:03]} 30. Nc5 {[%emt 0:00:04]} Qf7+ {[%emt 0:00:03]} 31. Qf3 {[%emt 0:00:02]} Qxf3+ {[%emt 0:00:01]} 32. Kxf3 {[%emt 0:00:00]} Nxf1 {[%emt 0:00:00]} 33. Rxf1 {[%emt 0:00:01]} h1=Q+ {[%emt 0:00:00]} 34. Rxh1 {[%emt 0:00:01]} Rxh1 {[%emt 0:00:00]} 35. Nxe6 {[%emt 0:00:00]} Rg8 {[%emt 0:00:00]} 36. Nf4 {[%emt 0:00:01]} Rf1+ {[%emt 0:00:02]} 37. Ke3 {[%emt 0:00:02]} Rxf4 {[%emt 0:00:00]} 38. Kxf4 {[%emt 0:00:01]} Kd7 {[%emt 0:00:00]} 39. Kf5 {[%emt 0:00:01]} Rf8+ {[%emt 0:00:01]} 40. Kg6 {[%emt 0:00:01]} Ke6 {[%emt 0:00:00]} 41. c4 {[%emt 0:00:00]} dxc4 {[%emt 0:00:01]} 42. a5 {[%emt 0:00:00]} c3 {[%emt 0:00:01]} 43. Kg7 {[%emt 0:00:00]} Rf4 {[%emt 0:00:02]} 44. d5+ {[%emt 0:00:01]} Kxe5 {[%emt 0:00:00] Haxhi Baha resigns (Lag: Av=0.86s, max=1.3s)} 0-1

[Event "Stay Safe Play From Home 287"]
[Site "Emanuel Lasker Arena"]
[Date "2020.07.08"]
[Round "5"]
[White "NeatFox"]
[Black "Lazieri3"]
[Result "0-1"]
[WhiteElo "1980"]
[BlackElo "2113"]
[PlyCount "140"]
[EventDate "2020.07.08"]
[EventType "swiss (blitz)"]

1. g4 {[%emt 0:00:04]} c6 {[%emt 0:00:00]} 2. Bg2 {[%emt 0:00:00]} d5 {[%emt 0:00:00]} 3. c4 {[%emt 0:00:00]} Bxg4 {[%emt 0:00:02]} 4. cxd5 {[%emt 0:00:00]} Bd7 {[%emt 0:00:02]} 5. Qb3 {[%emt 0:00:00]} Qb6 {[%emt 0:00:02]} 6. Qxb6 {[%emt 0:00:01]} axb6 {[%emt 0:00:00]} 7. Nc3 {[%emt 0:00:00]} Nf6 {[%emt 0:00:02]} 8. d4 {[%emt 0:00:01]} cxd5 {[%emt 0:00:02]} 9. Nxd5 {[%emt 0:00:00]} Nxd5 {[%emt 0:00:00]} 10. Bxd5 {[%emt 0:00:01]} Bc6 {[%emt 0:00:00]} 11. Bf3 {[%emt 0:00:01]} Bxf3 {[%emt 0:00:01]} 12. Nxf3 {[%emt 0:00:00]} e6 {[%emt 0:00:01]} 13. Bf4 {[%emt 0:00:02]} Nc6 {[%emt 0:00:01]} 14. e3 {[%emt 0:00:01]} Bb4+ {[%emt 0:00:01]} 15. Kf1 {[%emt 0:00:01]} Ke7 {[%emt 0:00:00]} 16. Rg1 {[%emt 0:00:04]} Rhg8 {[%emt 0:00:01]} 17. Bg5+ {[%emt 0:00:01]} f6 {[%emt 0:00:01]} 18. Bf4 {[%emt 0:00:01]} Bd6 {[%emt 0:00:01]} 19. Bxd6+ {[%emt 0:00:01]} Kxd6 {[%emt 0:00:00]} 20. a3 {[%emt 0:00:01]} e5 {[%emt 0:00:01]} 21. dxe5+ {[%emt 0:00:01]} Nxe5 {[%emt 0:00:00]} 22. Nxe5 {[%emt 0:00:00]} Kxe5 {[%emt 0:00:01]} 23. Rd1 {[%emt 0:00:00]} Ke6 {[%emt 0:00:02]} 24. Rd4 {[%emt 0:00:01]} g6 {[%emt 0:00:02]} 25. Rg3 {[%emt 0:00:01]} Rgd8 {[%emt 0:00:02]} 26. Rxd8 {[%emt 0:00:01]} Rxd8 {[%emt 0:00:00]} 27. Ke2 {[%emt 0:00:00]} Rc8 {[%emt 0:00:01]} 28. Kd2 {[%emt 0:00:00]} Rd8+ {[%emt 0:00:01]} 29. Kc2 {[%emt 0:00:00]} Rd5 {[%emt 0:00:00]} 30. Rg4 {[%emt 0:00:01]} Rc5+ {[%emt 0:00:01]} 31. Kd2 {[%emt 0:00:02]} Rd5+ {[%emt 0:00:01]} 32. Kc2 {[%emt 0:00:01]} Ke5 {[%emt 0:00:02]} 33. Rb4 {[%emt 0:00:01]} b5 {[%emt 0:00:01]} 34. a4 {[%emt 0:00:01]} bxa4 {[%emt 0:00:01]} 35. Rxb7 {[%emt 0:00:01]} h5 {[%emt 0:00:01]} 36. Ra7 {[%emt 0:00:01]} Rc5+ {[%emt 0:00:02]} 37. Kd2 {[%emt 0:00:01]} Rb5 {[%emt 0:00:01]} 38. Kc2 {[%emt 0:00:01]} Rb4 {[%emt 0:00:01]} 39. Ra5+ {[%emt 0:00:01]} Ke4 {[%emt 0:00:01]} 40. Ra6 {[%emt 0:00:02]} Kf5 {[%emt 0:00:01]} 41. Ra5+ {[%emt 0:00:01]} Kg4 {[%emt 0:00:01]} 42. Ra6 {[%emt 0:00:01]} Kg5 {[%emt 0:00:01]} 43. f3 {[%emt 0:00:01]} Rh4 {[%emt 0:00:02]} 44. Ra5+ {[%emt 0:00:01]} Kh6 {[%emt 0:00:01]} 45. Kc3 {[%emt 0:00:01]} Rxh2 {[%emt 0:00:01]} 46. Rxa4 {[%emt 0:00:00]} Rf2 {[%emt 0:00:01]} 47. f4 {[%emt 0:00:01]} h4 {[%emt 0:00:00]} 48. Ra1 {[%emt 0:00:02]} h3 {[%emt 0:00:01]} 49. Rh1 {[%emt 0:00:01]} h2 {[%emt 0:00:00]} 50. b4 {[%emt 0:00:02]} Kh5 {[%emt 0:00:02]} 51. Kc4 {[%emt 0:00:00]} Kg4 {[%emt 0:00:00]} 52. b5 {[%emt 0:00:00]} Kg3 {[%emt 0:00:01]} 53. b6 {[%emt 0:00:01]} Rb2 {[%emt 0:00:01]} 54. Kc5 {[%emt 0:00:01]} Kg2 {[%emt 0:00:01]} 55. Rxh2+ {[%emt 0:00:01]} Kxh2 {[%emt 0:00:01]} 56. Kc6 {[%emt 0:00:00]} Kg3 {[%emt 0:00:01]} 57. b7 {[%emt 0:00:01]} Kf3 {[%emt 0:00:00]} 58. Kd6 {[%emt 0:00:01]} Rxb7 {[%emt 0:00:02]} 59. Ke6 {[%emt 0:00:00]} Kxe3 {[%emt 0:00:01]} 60. Kxf6 {[%emt 0:00:01]} Rb6+ {[%emt 0:00:00]} 61. Kg5 {[%emt 0:00:01]} Ke4 {[%emt 0:00:00]} 62. f5 {[%emt 0:00:01]} gxf5 {[%emt 0:00:00]} 63. Kh4 {[%emt 0:00:00]} f4 {[%emt 0:00:00]} 64. Kg4 {[%emt 0:00:01]} Ke3 {[%emt 0:00:00]} 65. Kh3 {[%emt 0:00:00]} f3 {[%emt 0:00:00]} 66. Kh2 {[%emt 0:00:01]} Ke2 {[%emt 0:00:01]} 67. Kg1 {[%emt 0:00:00]} f2+ {[%emt 0:00:00]} 68. Kh2 {[%emt 0:00:00]} f1=Q {[%emt 0:00:01]} 69. Kg3 {[%emt 0:00:00]} Rg6+ {[%emt 0:00:00]} 70. Kh4 {[%emt 0:00:01]} Qh1# {[%emt 0:00:01] (Lag: Av=0.68s, max=1.3s)} 0-1

[Event "Stay Safe Play From Home 287"]
[Site "Emanuel Lasker Arena"]
[Date "2020.07.08"]
[Round "5"]
[White "Trotsky"]
[Black "Mandy"]
[Result "1-0"]
[WhiteElo "1609"]
[BlackElo "902"]
[Annotator "NA"]
[PlyCount "41"]
[EventDate "2020.07.08"]
[EventType "swiss (blitz)"]

1. d4 {[%emt 0:00:01]} d5 {[%emt 0:00:03]} 2. e3 {[%emt 0:00:00]} c6 {[%emt 0:00:01]} 3. c4 {[%emt 0:00:01]} Bf5 {[%emt 0:00:01]} 4. Nc3 {[%emt 0:00:01]} Nf6 {[%emt 0:00:02]} 5. c5 {[%emt 0:00:01]} e5 {[%emt 0:00:03]} 6. Bd3 {[%emt 0:00:01]} g6 {[%emt 0:00:03]} 7. f3 {[%emt 0:00:02]} Be7 {[%emt 0:00:05]} 8. Qc2 {[%emt 0:00:01]} Bxd3 {[%emt 0:00:02]} 9. Qxd3 {[%emt 0:00:01]} O-O {[%emt 0:00:05]} 10. Bd2 {[%emt 0:00:01]} Nbd7 {[%emt 0:00:06]} 11. h4 {[%emt 0:00:01]} b6 {[%emt 0:00:02]} 12. Nh3 {[%emt 0:00:01]} b5 {[%emt 0:00:04]} 13. Ng5 {[%emt 0:00:01]} h6 {[%emt 0:00:02]} 14. O-O-O {[%emt 0:00:03]} hxg5 {[%emt 0:00:02]} 15. hxg5 {[%emt 0:00:01]} Nh7 {[%emt 0:00:06]} 16. Rh6 {[%emt 0:00:04]} Nxg5 {[%emt 0:00:02]} 17. Rdh1 {[%emt 0:00:01]} Ne6 {[%emt 0:00:04]} 18. Rh8+ {[%emt 0:00:05]} Kg7 {[%emt 0:00:02]} 19. R1h7+ {[%emt 0:00:01]} Kf6 {[%emt 0:00:02]} 20. Rxf8 {[%emt 0:00:04]} Qxf8 {[%emt 0:00:03]} 21. dxe5+ {[%emt 0:00:01] Zeit (Lag: Av=0.52s, max=1.9s)} 1-0

[Event "Stay Safe Play From Home 287"]
[Site "Emanuel Lasker Arena"]
[Date "2020.07.08"]
[Round "6"]
[White "Jhhonnyy"]
[Black "Lamborghini"]
[Result "1-0"]
[WhiteElo "2334"]
[BlackElo "2195"]
[Annotator "TA"]
[PlyCount "69"]
[EventDate "2020.07.08"]
[EventType "swiss (blitz)"]

{[%evp 13,69,27,50,18,20,13,17,25,35,17,33,11,21,33,23,-20,-21,-22,-17,-18,-20,-68,-74,-67,-64,-74,-40,-42,-7,-25,285,279,520,519,797,787,793,792,808,406,776,764,877,871,1067,1077,1219,1173,1291,1263,1926,1883,29990,29991,29993,29987,29992,29993]} 1. d4 Nf6 2. c4 g6 3. g3 Bg7 4. Bg2 O-O 5. Nf3 d6 6. O-O c6 7. Nc3 Qa5 {7...Bf5 is the hot move. Played by Fabiano Caruana in May 2020.} 8. Ne1 {E62: King's Indian: Fianchetto: 6...c6 and Panno Variation (6...Nc6) without ...a6.} Be6 9. d5 cxd5 10. cxd5 {The position is equal.} Bd7 11. Nd3 {[#]} Rc8 $146 ({Predecessor:} 11... Na6 12. Bd2 Rfc8 13. a3 Qd8 14. b4 Nc7 15. Qb3 Nb5 16. Nxb5 Bxb5 17. Rac1 Qd7 {0-1 (34) Pohjala,H (2338)-Kulaots,K (2581) Jyvaskyla 2013}) 12. Bd2 Qd8 13. Rc1 a5 14. a3 Na6 15. Rb1 Nc5 16. Nxc5 Rxc5 17. b4 axb4 18. axb4 Rc4 19. Qb3 Qc8 20. Rfc1 h5 21. Bf1 Bf5 $2 {[%mdl 8192] Now Black is done in.} (21... Ng4 $11 {and Black has nothing to worry.}) 22. e4 $1 $18 Rxe4 $2 (22... Rc7 {was worth a try.}) 23. Nxe4 {[%mdl 64] [#] Discovered Attack} Nxe4 (23... Qd7 $142 24. Nxf6+ Bxf6) 24. Rxc8+ Rxc8 25. Be3 Rc3 26. Qd1 Rc8 (26... Rxe3 $142 27. Qa4 Rc3 28. Qe8+ Bf8) 27. Rc1 Ra8 28. Bd4 Bh6 29. Rc7 {[%mdl 64] [#] Double Attack} Ra2 30. Bg2 Rd2 31. Qa1 f6 32. Rxe7 {Qa8+ would kill now.} Nc3 33. Bxc3 {White mates.} Rc2 34. Re1 Rxc3 35. Qxc3 {Accuracy: White = 74%, Black = 46%.} 1-0